Statistiques concernant Paroles Disney #1

Cliquez ici pour prendre le quiz!

Statistiques générales

  • Ce quiz a été pris 10 621 fois
  • Le résultat moyen est 120 sur 179

Statistiques - réponses

Réponse% Correct
Je
96%
je
96%
de
95%
roi
94%
à
93%
et
93%
être
91%
la
91%
Le
91%
le
91%
voudrais
91%
déjà
90%
ce
88%
Si
87%
si
87%
un
87%
du
85%
des
84%
avec
82%
moi
82%
peu
82%
C'est
81%
grand
81%
Simba
81%
En
80%
une
80%
animal
79%
ne
79%
pas
79%
royaume
79%
faire
78%
poils
78%
cour
77%
dans
77%
qu'on
77%
te
77%
tu
77%
Tu
77%
fois
76%
première
76%
rugissement
76%
bestial
75%
entrée
75%
voit
75%
triomphale
74%
vais
74%
grands
73%
royalement
72%
très
70%
poussant
69%
Majesté
65%
Mon
63%
coude
62%
me
60%
qui
59%
toi
59%
est
58%
mouches
57%
que
57%
ta
57%
on
55%
55%
veux
55%
sans
54%
Sans
54%
ça
52%
Il
52%
Les
52%
n'a
52%
plait
51%
tais
51%
Au
50%
ferme
49%
langue
49%
fais
48%
monarchie
48%
dis
47%
Adieu
46%
boutique
46%
conseils
46%
corneille
46%
d'une
46%
qu'il
46%
confonds
45%
Tiens
45%
vieille
45%
coeur
44%
l'afrique
44%
lion
44%
votre
44%
jamais
43%
grandeur
42%
parle
42%
tyrannie
42%
bien
41%
trompe
41%
dire
40%
Prend
40%
république
40%
temps
40%
garde
39%
Vive
39%
voie
39%
l'ouest
38%
Regardez
36%
l'est
34%
soleil
34%
animaux
33%
frontière
33%
Reste
33%
sera
33%
ici
32%
nouveau
32%
pouvoir
31%
assieds
30%
nouvelle
30%
ciel
28%
conteste
28%
jusqu'au
26%
Surtout
26%
monte
25%
répandent
25%
rumeur
18%

Distribution des résultats

Percentile par nombre de réponses

% des personnes avec chaque résultat

Votre développement - résultats

Vous n’avez pas pris ce quiz